01012nab a22002537a 4500003000400000005001700004008004100021040000700062100002800069245007500097260004200172300001100214500003700225505012300262505008900385650002000474650002000494650003300514650002700547650002800574650002400602650001300626773011900639OSt20260202201354.0190506c xxu||||| |||| 00| 0 spa d cPJ aGrisolia, Julio Armando10aLa justicia y los jueces ante la nueva realidad /cJulio A. Grisolia.  aBuenos Aires :bAbeledoPerrot,c2023. ap. 3-5 aCita: TR LALEY AR/DOC/2241/2023  aSumario: I. Una nueva realidad.— II. La justicia ante la nueva realidad.— III. Los jueces ante la nueva realidad.  t¿Te interesa el texto completo? Comunicate al correo: koha@justierradelfuego.gov.ar 0aDERECHO LABORAL 0aPODER JUDICIAL  0aTECNOLOGIA DE LA INFORMACION 0aCIENCIA Y TECNOLOGÍA 0aINTELIGENCIA ARTIFICIAL 0aDERECHO INFORMATICO 0aABOGADOS0 02751dBuenos Aires : AbeledoPerrot, 2013-tRevista de derecho laboral y seguridad social. Nº 24 - Diciembre 2023